Geography Generator Puzzle #20 - Statistics

General Stats
  • This quiz has been taken 163 times
  • The average score is 10 of 21
Answer Stats
clue answer % Correct
Chinese frying-pan wok
95%
Argentinean dance tango
87%
capitals Kings- and George- town
84%
ancient Roman garment toga
81%
Iceland's, Sweden's and Faroes' currency krona
70%
Pacific kingdom Tonga
69%
Portuguese territory seized by India in 1961 Goa
66%
famous Afghani caves, ____ Bora Tora
64%
both Koreas' currency won
62%
general on the US $50 bill Grant
59%
9-letter Asian location ANGKOR WAT
44%
small mountain lake tarn
44%
Oceanian and African root vegetable taro
43%
Ankara's historic name Angora
30%
Nigeria's 2nd largest city Kano
29%
Indian classical music style raga
18%
riddle used in Zen practise koan
16%
Malay for town, hence __ Kinabalu and __ Baru Kota
16%
Eastern Mediterranean alcoholic drink, clear and very strong arak
9%
Bangladesh's currency taka
9%
West African 21-stringed instrument kora
7%
No matching quizzes found
Score Distribution
Percent of People with Each Score
Percentile by Number Answered
Your Score History
You have not taken this quiz